00446 2200145 4500001002100000008004500021035002000066245009500086260003400181300001200215020001400227084001700241082001700258650002500275INLIS000000000002092 Inggris a0010-0625002089 aThe Prince and the Pauper, Twain MarkcPengarang: Mark Twain. ; ilustrator:s Brendan Lynch aNew YorkbBaronet Booksc1882 a238 hal a866119736 ach 808 G786p ach 808 G786p aNovel, fiksi sejarah
An Error occurred while handling another error:
yii\web\HeadersAlreadySentException: Headers already sent in /home/cgag1341/public_html/lib.cga.sch.id/common/components/MarcHelpers.php on line 185. in /home/cgag1341/public_html/lib.cga.sch.id/vendor/yiisoft/yii2/web/Response.php:369
Stack trace:
#0 /home/cgag1341/public_html/lib.cga.sch.id/vendor/yiisoft/yii2/web/Response.php(342): yii\web\Response->sendHeaders()
#1 /home/cgag1341/public_html/lib.cga.sch.id/vendor/yiisoft/yii2/web/ErrorHandler.php(136): yii\web\Response->send()
#2 /home/cgag1341/public_html/lib.cga.sch.id/vendor/yiisoft/yii2/base/ErrorHandler.php(152): yii\web\ErrorHandler->renderException(Object(yii\web\HeadersAlreadySentException))
#3 [internal function]: yii\base\ErrorHandler->handleException(Object(yii\web\HeadersAlreadySentException))
#4 {main}
Previous exception:
yii\web\HeadersAlreadySentException: Headers already sent in /home/cgag1341/public_html/lib.cga.sch.id/common/components/MarcHelpers.php on line 185. in /home/cgag1341/public_html/lib.cga.sch.id/vendor/yiisoft/yii2/web/Response.php:369
Stack trace:
#0 /home/cgag1341/public_html/lib.cga.sch.id/vendor/yiisoft/yii2/web/Response.php(342): yii\web\Response->sendHeaders()
#1 /home/cgag1341/public_html/lib.cga.sch.id/vendor/yiisoft/yii2/base/Application.php(390): yii\web\Response->send()
#2 /home/cgag1341/public_html/lib.cga.sch.id/opac/index.php(26): yii\base\Application->run()
#3 {main}